| 000 | 00426nam a2200169Ia 4500 | ||
|---|---|---|---|
| 008 | 170705s9999 xx 000 0 und d | ||
| 020 | _a9780545636155 | ||
| 245 | _aClara Lee and the apple pie dream / | ||
| 245 | _cJenny Han ; pictures by Julia Kuo. | ||
| 260 | _aNew York : | ||
| 260 | _bScholastic, | ||
| 260 | _c2011 | ||
| 300 | _a149 pages : | ||
| 300 | _bcolor illustration ; | ||
| 300 | _c19cm. | ||
| 500 | _a600 | ||
| 999 |
_c336247 _d336247 |
||